Movies Quiz

Random Movies Quiz

The Breakfast club characters Quiz Stats

 Plays Quiz not verified by Sporcle

Support Sporcle.
Go Orange.
Score 0/7 Timer 05:00
0 Plays Today
% Correct
John Bender
97.4%
Brian Johnson
83.3%
Andrew Clark
80.8%
Carl
79.5%
Claire Standish
73.1%
Allison Reynolds
73.1%
Richard Vernon
69.2%

You're not logged in!

Compare scores with friends on all Sporcle quizzes.
OR
Log In

From the Vault

Capital City Middles

by manonthemoon

Someone got a little too crazy with the hedge trimmers on these capital cities.
Remove Ads.
Support Sporcle.
Get the best of Sporcle when you Go Orange. This ad-free experience offers more features, more stats, and more fun while also helping to support Sporcle. Thank you for becoming a member.

Show Comments

Extras

Created Feb 6, 2011ReportNominate
Tags:breakfast, Character, club

Top Quizzes Today


Score Distribution

Your Account Isn't Verified!

In order to create a playlist on Sporcle, you need to verify the email address you used during registration. Go to your Sporcle Settings to finish the process.

Report this User

Report this user for behavior that violates our Community Guidelines.

Details: